| 000 | 01211cam a22003257i 4500 | ||
|---|---|---|---|
| 001 | 17996301 | ||
| 003 | ARRUPE | ||
| 005 | 20151112150159.0 | ||
| 008 | 140113s2014 nyu b 001 0 eng d | ||
| 010 | _a 2014930852 | ||
| 020 |
_a9780809106097 _q(hardcover) |
||
| 020 |
_a0809106094 _q(hardcover) |
||
| 035 | _a(OCoLC)ocn869526827 | ||
| 040 |
_aYDXCP _beng _erda _cYDXCP _dBTCTA _dBDX _dAVMAR _dGGN _dMNY _dJES _dPRK _dOCLCQ _dMNF _dCDX _dOCLCQ _dDLC/rk11 rev. 2014-12-17 |
||
| 041 | 1 |
_aeng _hger |
|
| 042 | _alccopycat | ||
| 050 | 0 | 0 |
_aBV4647.M4 _bK3713 2014 |
| 082 | 0 | 0 |
_a241/.4 _223 |
| 100 | 1 |
_aKasper, Walter, _d1933- _921103 |
|
| 240 | 1 | 0 |
_aBarmherzigkeit. _lEnglish |
| 245 | 1 | 0 |
_aMercy : _bthe essence of the gospel and the key to Christian life / _cCardinal Walter Kasper ; translated by William Madges. |
| 300 |
_axvi, 270 pages ; _c24 cm |
||
| 504 | _aIncludes bibliographical references and index. | ||
| 650 | 0 |
_aMercy. _915524 |
|
| 650 | 0 |
_aChristian life _xCatholic authors. _921104 |
|
| 700 | 1 |
_aMadges, William, _d1952- _etranslator. _921105 |
|
| 906 |
_a7 _bcbc _ccopycat _d2 _encip _f20 _gy-gencatlg |
||
| 942 |
_2lcc _cMONOGRAPH |
||
| 999 |
_c123793 _d123793 |
||